000 00581nam a2200217 i 4500
001 bg
100 1 _aSTEPOWICZ, Witold Jerzy
245 1 0 _aElementy półprzewodnikowe /
_cWitold J. Stepowicz.
260 _aGdynia :
_bAkademia Morska,
_c2002.
300 _a173 s. :
_bil. ;
_c21 cm.
504 _aBibliogr.
650 9 _aPółprzewodniki
_xurządzenia
655 _aPodręczniki akademickie
020 _a838787518X
040 _cBPK
041 0 _apol
080 _a621.382(075.8)
920 _a83-87875-18-X
942 _cKS
008 s pl f |000 0 pol
999 _c43483
_d43483
856 _uhttp://koha.tu.koszalin.pl/cgi-bin/koha/opac-detail.pl?biblionumber=43483
_yKatalog online BPK